000 00377nam a2200133 4500
005 20260414092856.0
008 260414b |||||||| |||| 00| 0 eng d
020 _a9781492127284
100 _aPecina Anthony
245 _aPhysics 101 Workbook and Study Guide;
_c/ Anthony Pecina
260 _aBritain;
_bAmazon.co.uk.Ltd;
_c2013
300 _a320p.ill;
_c27.6cm
942 _2lcc
_n0
_cBK
999 _c218
_d218